| 000 | 00401 a2200145 4500 | ||
|---|---|---|---|
| 999 |
_c1718 _d1718 |
||
| 020 | _a9780304319527 | ||
| 050 | _aLA 212.863 TOD 1991 | ||
| 100 |
_aTodd, Roy. _eauthor |
||
| 245 |
_aEducation in a multicultural society / _cRoy Todd |
||
| 264 |
_aLondon; _bCassell Education Limited, _c1991. |
||
| 300 | _a147p. : | ||
| 500 | _aIncludes index | ||
| 650 | _aEducation | ||
| 942 |
_2lcc _cBK _h212.863 _iTOD _kLA |
||